| 000 | 00720nam a2200253Ia 4500 | ||
|---|---|---|---|
| 001 | 3451 | ||
| 008 | 190829s1995 ii a g b000 u 465 u | ||
| 020 | _a9789386245144 | ||
| 082 | _a342.029 | ||
| 100 | _aBhagwan, Vishnoo . | ||
| 245 | 0 |
_aWorld Constitutions / _cVishnoo Bhagwan & Vidya Bhushan. _hTextual Documents |
|
| 250 | _aRev Enl ed. / | ||
| 260 |
_aNew Delhi : _bSterling publishers , _c1995. |
||
| 300 |
_a727p. : _bill ; _c22 cm . |
||
| 504 | _aBib, Index | ||
| 653 | _aWorld Constitution | ||
| 653 | _aPolitical Science | ||
| 653 | _aConstitution-World | ||
| 653 | _aG-Political Science | ||
| 653 | _aPG-Political Science | ||
| 653 | _aG-Economics | ||
| 700 | _aBhushan, Vidya . | ||
| 942 |
_2ddc _cBK |
||
| 999 |
_c3439 _d3439 |
||